स्वराज्यमार्गदर्शक लोकमान्य टिळक (Record no. 967517)
[ view plain ]
| 000 -LEADER | |
|---|---|
| fixed length control field | 00401nam a2200133Ia 4500 |
| 008 - FIXED-LENGTH DATA ELEMENTS--GENERAL INFORMATION | |
| fixed length control field | 151001s9999||||xx |||||||||||||| ||und|| |
| 100 ## - MAIN ENTRY--PERSONAL NAME | |
| Personal name | आपटे गुरुजी |
| 245 ## - TITLE STATEMENT | |
| Title | स्वराज्यमार्गदर्शक लोकमान्य टिळक |
| 250 ## - EDITION STATEMENT | |
| Edition statement | 4 |
| 260 ## - PUBLICATION, DISTRIBUTION, ETC. (IMPRINT) | |
| Name of publisher, distributor, etc | के भि ढवळे |
| 260 ## - PUBLICATION, DISTRIBUTION, ETC. (IMPRINT) | |
| Date of publication, distribution, etc | 1956 |
| 300 ## - PHYSICAL DESCRIPTION | |
| Extent | 208 |
| 365 ## - TRADE PRICE | |
| Price amount | 18 |
No items available.